000 01014nam1a22002651i 4500
001 rc\4073349
005 20240726041015.0
035 _a(NLR Aleph) 008121190
090 _a9365108
_c9365108
100 _a20130415d1950 |||y0rusy50 ca
101 1 _arus
_csan
102 _aRU
105 _a z |||||
200 1 _aМахабхарата
_fПер. с санскрита и коммент. В.И. Кальянова
210 _aМосква
_aЛенинград
_cИзд-во Акад. наук СССР
_d1950
215 _d22
606 _aИндийская мифология
_2psbo
606 _aМахабхарта (древнеиндийский литературный памятник)
_2psbo
608 _aИндийский эпос, древний
_2psbo
608 _aЭпос индийский (х. л.)
_2psbo
702 1 _aКальянов
_bВ.И.
_gВладимир Иванович
_4730
_4212
801 0 _aRU
_bNLR
_gpsbo
801 1 _aRU
_bELAR
_2rusmarc
852 _aNLR
_j63-5/115
942 _cBOOK